Government, law, and courts in the Soviet Union and Eastern Europe / (Record no. 59436)
[ view plain ]
| 000 -LEADER | |
|---|---|
| fixed length control field | 01359nam a2200337 a 4500 |
| 001 - CONTROL NUMBER | |
| control field | 59436 |
| 003 - CONTROL NUMBER IDENTIFIER | |
| rucl marc code | BD-RjUL |
| 005 - DATE AND TIME OF LATEST TRANSACTION | |
| control field | 20211209080729.0 |
| 008 - FIXED-LENGTH DATA ELEMENTS--GENERAL INFORMATION | |
| fixed length control field | 161224s1959 dcu b 001 0 eng |
| 035 ## - SYSTEM CONTROL NUMBER | |
| System control number | (BD-RjUL)59560 |
| 040 ## - CATALOGING SOURCE | |
| Original cataloging agency | DLC |
| Transcribing agency | MAS |
| Modifying agency | UKM |
| -- | BD-RjUL |
| Language of cataloging | eng |
| 041 ## - LANGUAGE CODE | |
| Language code of text/sound track or separate title | eng |
| 082 ## - DEWEY DECIMAL CLASSIFICATION NUMBER | |
| Classification number | 340.0947 |
| Edition number | 23 |
| Author mark and year | GOV 1959 |
| 100 1# - MAIN ENTRY--PERSONAL NAME | |
| Personal name | Gsovski, Vladimir |
| Dates associated with a name | 1891-1961. |
| 9 (RLIN) | 176760 |
| 245 10 - TITLE STATEMENT | |
| Title | Government, law, and courts in the Soviet Union and Eastern Europe / |
| Statement of responsibility, etc. | general editors: Vladimir Gsovski and Kazimierz Grzybowski. |
| 260 ## - PUBLICATION, DISTRIBUTION, ETC. (IMPRINT) | |
| Place of publication, distribution, etc. | London ; |
| -- | The Hague : |
| Name of publisher, distributor, etc. | Stevens & Sons ; |
| -- | Mouton & Co., |
| Date of publication, distribution, etc. | c1959. |
| 300 ## - PHYSICAL DESCRIPTION | |
| Pagination | V. : |
| Illustrations | ill. ; |
| Size | 25 cm. |
| 490 0# - SERIES STATEMENT | |
| Series statement | Atlantic books |
| 500 ## - GENERAL NOTE | |
| General note | Preliminary ed. published in 1955 under title: Government, law, and courts behind the Iron Curtain. |
| General note | Includes bibliographical references (p. 1945-2009) and indexes |
| 504 0# - BIBLIOGRAPHY, ETC. NOTE | |
| Bibliography, etc | V. 1 V, 2 -- |
| 650 #0 - SUBJECT ADDED ENTRY--TOPICAL TERM | |
| Topical term or geographic name as entry element | Law |
| Geographic subdivision | Soviet Union. |
| 9 (RLIN) | 176761 |
| Topical term or geographic name as entry element | Law |
| Geographic subdivision | Europe, Eastern. |
| 9 (RLIN) | 176762 |
| Topical term or geographic name as entry element | Justice, Administration of |
| Geographic subdivision | Soviet Union. |
| 9 (RLIN) | 176763 |
| Topical term or geographic name as entry element | Justice, Administration of |
| Geographic subdivision | Europe, Eastern. |
| 9 (RLIN) | 176764 |
| 651 #0 - SUBJECT ADDED ENTRY--GEOGRAPHIC NAME | |
| Geographic name | Soviet Union |
| General subdivision | Politics and government |
| Chronological subdivision | 1917-1936. |
| 9 (RLIN) | 176765 |
| Geographic name | Europe, Eastern |
| General subdivision | Politics and government. |
| 9 (RLIN) | 176766 |
| 700 1# - ADDED ENTRY--PERSONAL NAME | |
| Personal name | Grzybowski, Kazimierz. |
| 830 ## - SERIES ADDED ENTRY--UNIFORM TITLE | |
| Uniform title | Atlantic books |
| 942 ## - ADDED ENTRY ELEMENTS (KOHA) | |
| Source of classification or shelving scheme | Dewey Decimal Classification |
| Koha item type | Books |
| Lost status | Source of classification or shelving scheme | Damaged status | Not for loan | Collection code | Permanent Location | Current Location | Shelving location | Date acquired | Source of acquisition | Cost, normal purchase price | Total Checkouts | Full call number | Date last seen | Copy number | Koha item type |
|---|---|---|---|---|---|---|---|---|---|---|---|---|---|---|---|
| Dewey Decimal Classification | Not For Loan | Non-fiction | Central Library, University of Rajshahi | Central Library, University of Rajshahi | Reading Room | 08/11/1963 | Zeitlinger | 0.00 | 340.0947 GOV V-1 1959 | 24/12/2016 | C-1 | Books | |||
| Dewey Decimal Classification | Not For Loan | Non-fiction | Central Library, University of Rajshahi | Central Library, University of Rajshahi | Reading Room | 17/10/1963 | Zeetlinger | 124.00 | 340.0947 GOV V-2 1959 | 26/12/2016 | C-1 | Books |